000 01028nam a2200253Ia 4500
999 _c55179
_d55179
001 22254
003 GE_BSU
005 20230216165444.0
008 181216s ||||ge |||||||||||||| ||geo||
020 _a978-9941-0-7029-7
040 _cGE_BSU
041 _ageo
080 _a1 ა-30
100 _aავალიანი, ს.
_916955
245 _aფილოსოფია ყველასათვის /
_cს. ავალიანი, კ. ქეცბაია ; რედ. ირაკლი კალანდია ; ლიტ. რედ. ჯემალ შონია
250 _aმე-3 გამოცემა
264 _aთბილისი :
_bCarpe diem,
_c2014.
300 _a352 გვ. ;
_c20 სმ.
541 _h10 ლ.
653 _aფილოსოფია ყველასათვის
700 _aქეცბაია, კ.
_eავტორი
_916956
700 _aკალანდია, ირაკლი
_eრედაქტორი
_95803
942 _cBK
_2udc